Bad Dad Jokes! IV Quiz Stats

 Plays Quiz Updated Feb 2, 2018

Also try: Bad Dad Jokes! III
Challenge
Share
Tweet
Embed
Score 0/17 Timer 04:00
1 Play Today
% Correct
A carrot.
96.3%
Just beer.
95.4%
I never knew my real ladder.
94.7%
But people in Abu Dhabi do!
94.5%
Because he couldn't see that well.
94.2%
One is really heavy, and the other is a little lighter.
93.2%
He ate pizza before it was cool.
92.8%
Then it dawned on me.
91.9%
I had to put my foot down.
91.5%
% Correct
No, I got them all cut
91.4%
They're two-tired.
91.2%
It's not the end of the world.
89.7%
I told him 'Don't mention it.'
88.3%
They always take things literally.
87.8%
Not only is it terrible, but it's terrible.
83.8%
One says, 'I think we got this joke wrong.'
83.5%
They're making headlines.
78.2%

You're not logged in!

Compare scores with friends on all Sporcle quizzes.
OR
Log In

You Might Also Like...

Show Comments

Extras

Top Quizzes Today


Score Distribution

Your Account Isn't Verified!

In order to create a playlist on Sporcle, you need to verify the email address you used during registration. Go to your Sporcle Settings to finish the process.

Report this User

Report this user for behavior that violates our Community Guidelines.

Details: